1988-2008. 20 años de Chapingo en la región del Totonacapan \ Sinecio López Méndez; coautor Bernardino Mata García (Record no. 217043)
[ view plain ]
| 000 -CABECERA | |
|---|---|
| campo de control de longitud fija | 00821nam a2200229Ia 4500 |
| 001 - NÚMERO DE CONTROL | |
| campo de control | Z_6037 |
| 008 - DATOS DE LONGITUD FIJA--INFORMACIÓN GENERAL | |
| campo de control de longitud fija | 220601s9999 xx 000 0 und d |
| 020 ## - NÚMERO INTERNACIONAL ESTÁNDAR DEL LIBRO | |
| Número Internacional Estándar del Libro | 978-607-12-0064-8 |
| 082 ## - NÚMERO DE LA CLASIFICACIÓN DECIMAL DEWEY | |
| Número de clasificación | 630.71 L67 |
| 100 ## - ENTRADA PRINCIPAL--NOMBRE DE PERSONA | |
| Nombre de persona | López Méndez, Sinecio |
| 9 (RLIN) | 68133 |
| 245 ## - MENCIÓN DE TÍTULO | |
| Título | 1988-2008. 20 años de Chapingo en la región del Totonacapan \ Sinecio López Méndez; coautor Bernardino Mata García |
| 260 ## - PUBLICACIÓN, DISTRIBUCIÓN, ETC. | |
| Lugar de publicación, distribución, etc. | México : Universidad Autónoma Chapingo; CIISMER |
| 300 ## - DESCRIPCIÓN FÍSICA | |
| Extensión | 125 p. |
| 503 ## - NOTA DE HISTORIA BIBLIOGRÁFICA (BK CF MU) [OBSOLETO] | |
| Nota de historia bibliográfica | ej.1: |
| 650 ## - PUNTO DE ACCESO ADICIONAL DE MATERIA--TÉRMINO DE MATERIA | |
| Término de materia o nombre geográfico como elemento de entrada | 1.Educación agrícola 2.Totonacapan - Desarrollo social 3.Totonacapan - Desarrollo economíco |
| 9 (RLIN) | 183094 |
| 700 ## - PUNTO DE ACCESO ADICIONAL--NOMBRE DE PERSONA | |
| Nombre de persona | I. Mata García, Bernardino, coaut.Ì |
| 9 (RLIN) | 183095 |
| 901 ## - ELEMENTOS DE DATOS A LOCAL LDA (RLIN) | |
| a | 630.71 L67 |
| 902 ## - ELEMENTOS DE DATOS B LOCAL, LDB (RLIN) | |
| a | A |
| 905 ## - ELEMENTOS DE DATOS E LOCAL, LDE (RLIN) | |
| a | 0000002008 mx bd 0000000000spa00 |
| 942 ## - ELEMENTOS DE PUNTO DE ACCESO ADICIONAL (KOHA) | |
| Tipo de ítem Koha | Libro_ |
| Estado de retiro | Estado de pérdida | Estado dañado | No para préstamo | Localización permanente | Ubicación/localización actual | Ubicación en estantería | Fecha de adquisición | Total de préstamos | Código de barras | Fecha visto por última vez | Número de copia | Precio válido a partir de | Tipo de ítem Koha | Nota pública |
|---|---|---|---|---|---|---|---|---|---|---|---|---|---|---|
| Zootecnia | Zootecnia | 20/10/2011 | z_1488 | 02/06/2022 | 1 | 02/06/2022 | Libro | 2 |
